000 00626nam a2200181Ia 4500
003 GCL
008 140319s9999 xx 000 0 ara d
040 _aGCL /
_cGCL
082 0 4 _a953
_bهـ د
100 1 _aهاى، روبرت
245 1 0 _aدول الخليج الفارسى /
_cهاى، روبرت
260 _aالقاهرة :
_bالمجلس الاعلى للثقافة ،
_c2004
300 _a169 ص ؛
_c24 سم
650 0 4 _aالخليج العربى - تاريخ
650 0 4 _aالعالم العربى - تاريخ
650 0 4 _aالعالم العربى - العلاقات الخارجية
942 _2ddc
_cBK
999 _c34380
_d34380